000 00860nam a2200313 4500
001 000401800
003 DO-SdBNP
005 20180220110621.0
007 000401800
008 940426s1993 sp | |||| ||spa
016 7 _a
_2BPMSU
017 _a
_b
020 _a8434826240
035 _a
040 _aBPMSU
_bspa
_cBPMSU
_e
080 0 _a
100 2 _aVázquez-Vigo, Carmen
_e1923-.
245 1 0 _aCaja de secretos /
_cCarmen Vázquez-Vigo ; ilustraciones, Carmen Lucini
_h
250 _a4ª ed.
260 _aMadrid
_bSM
_c1993
300 _a111 p. :
_bil. ;
_c19 cm
490 _aEl barco de vapor
_v49
500 _a Para niños a partir de 7 años
700 1 _aLucini, Carmen
_eil.
830 _aEl barco de vapor
_v49
942 _2ddc
_cBK
945 _aInventariado, 2018 / BT
956 _a VMATEO
_210
_320160411
_6BPMSU
_80069
999 _c9669
_d9669